=LDR 00000nam 2200000 4500 =001 INLIS000000000012285 =005 20130612103822 =008 ***********************************Ind** =035 ##$$0010-061300000012285 =041 ##$$a Ind =082 ##$$a 658.7 =090 ##$$a 658.7, Sup m =100 ##$$a Supandi =245 ##$$a Manajemen Prawatan Industri, Supandi =260 ##$$a 1994 $b Bandung =300 ##$$a 183 hlm., Ilus, 21 cm =650 ##$$a Manajemen Industri =650 ##$$a Perawatan =850 ##$$a NBPNMAT